Rozpoznaj postacie historyczne - Statystyki

Ogólne statystyki
  • Ten quiz został rozwiązany 153 razy
  • Średni wynik to 4 z 15
Statystyki odpowiedzi
Obrazkowy Odpowiedź % Poprawnych
Mao Zedong
75%
Erwin Rommel
53%
Otton III
40%
Justynian
38%
Otto von Bismarck
38%
Romuald Traugutt
32%
Władysław Herman
31%
Michał Korybut Wiśniowiecki
29%
Władysław Wygnaniec
25%
Vasco da Gama
19%
Czyngis-chan
11%
Ludwig XIV
10%
Aleksander Zawadzki
6%
Bolesław Limanowski
6%
Nikita Chruszczow
6%
Nie znaleziono quizów pasujących do podanych kryteriów
Rozkład punktacji
Procent ludzi z każdym wynikiem
Percentyl według liczby udzielonych odpowiedzi
Twoja historia wyników
Nie rozwiązałeś tego quizu